100 Najwyższych budynków w Europie - Statystyki

Ogólne statystyki
  • Ten quiz został rozwiązany 18 razy
  • Średni wynik to 98 z 100
Statystyki odpowiedzi
# Nazwa Państwo Wysokość (m) L. Kondygnacji % Poprawnych
31 Tour First Francja 231 56
100%
44 Wieża Montparnasse Francja 210 59
100%
55 Tour Incity Francja 200 37
100%
71 Tour Total Francja 187 48
100%
73 Tour T1 Francja 185 36
100%
74 Tour Areva Francja 184 44
100%
77 Tour Granite Francja 183 36
100%
84 Tour Gan Francja 179 44
100%
99 Tours Société Générale Francja 167 37
100%
100 Tour Chassagne Francja 167 37
100%
22 Torre Caja M____ Hiszpania 250 45
100%
23 Torre de Cristal Hiszpania 249,5 45
100%
29 Torre PwC Hiszpania 236 52
100%
34 Torre E____ Hiszpania 228 57
100%
50 Intempo Hiszpania 202,2 55
100%
70 Gran Hotel Bali Hiszpania 187 52
100%
12 Commerzbank Tower Niemcy 300 65
100%
21 Messeturm Niemcy 256,6 55
100%
48 Westendstraße 1 Niemcy 208 53
100%
53 Maintower Niemcy 200 55
100%
54 Tower 185 Niemcy 200 50
100%
72 Trianon Niemcy 186 45
100%
76 Gmach Europejskiego Banku Centralnego Niemcy 183 43
100%
94 Opernturm Niemcy 170 42
100%
7 Varso Polska 310 53
100%
28 Pałac Kultury i Nauki Polska 237 43
100%
36 Olszynki Park Polska 221 42
100%
37 W____ Spire Polska 220 49
100%
43 Sky Tower Polska 212 51
100%
47 W____ Trade Center Polska 208 43
100%
59 Q22 Polska 195 42
100%
63 Złota 44 Polska 192 54
100%
64 Rondo 1 Polska 192 40
100%
82 Olivia Star Polska 180 35
100%
93 Centrum LIM Polska 170 43
100%
1 Łachta Centr Rosja 462 86
100%
2 Wieża Federacji (Wierza wschód) Rosja 374,7 95
100%
3 OKO (wierzą południowa) Rosja 354 85
100%
4 Neva Towers 1 Rosja 345 79
100%
5 Mercury City Tower Rosja 338,8 75
100%
6 Renaissance M___ Tower Rosja 337 65
100%
9 Newrazija Rosja 309 72
100%
10 Neva Towers 2 Rosja 302 68
100%
11 Miasto Stolic (Wierza M___) Rosja 302 77
100%
13 Capital Towers (City Tower) Rosja 295 67
100%
14 Capital Towers (Park Tower) Rosja 295 67
100%
15 Capital Towers (River Tower) Rosja 295 67
100%
17 Basznia na Babierieżnoj Rosja 268,4 59
100%
18 Pałac Triumfu Rosja 264 57
100%
20 Miasto Stolic (Wierza P____) Rosja 256,9 65
100%
24 OKO (wierzą biurowa) Rosja 244,9 49
100%
25 Wieża Federacji (Wierza zachód) Rosja 243 62
100%
26 Uniwersytet M____ Rosja 240 36
100%
27 Imperia Tower Rosja 239 60
100%
41 Basznia Iset Rosja 215 52
100%
42 Dom na Mowsfilmowskoj Rosja 213 54
100%
49 Hotel Ukraina Rosja 206 34
100%
62 Tricolor Tower A Rosja 194 56
100%
65 D1 Kingchess Tower Rosja 191 59
100%
66 D1 Excelsior Tower Rosja 191 59
100%
68 Continental (w M___) Rosja 190 48
100%
69 Sparrow Hills Korpus II Rosja 188,2 49
100%
86 Edelweiss Rosja 176 43
100%
87 Dom na Wybrzeżu Kotielniczeskim Rosja 176 32
100%
88 Aliye Parusa II Rosja 175,6 48
100%
90 Gmach MSZ FR Rosja 172 27
100%
91 Nordstar Tower Rosja 171,5 42
100%
8 The Shard Wielka Brytania 309,6 72
100%
30 One Canada Square Wielka Brytania 235,1 50
100%
33 Heron Tower Wielka Brytania 230 46
100%
35 122 Leadenhall Street Wielka Brytania 225 48
100%
39 Newfoundland Wielka Brytania 220 58
100%
56 25 Canada Square Wielka Brytania 199,5 45
100%
57 8 Canada Square Wielka Brytania 199,5 45
100%
75 Tower 42 Wielka Brytania 183 43
100%
79 St George Wharf Tower Wielka Brytania 181 49
100%
83 30 St Mary Axe Wielka Brytania 179,8 41
100%
95 Beetham Tower Wielka Brytania 169 50
100%
32 Torre UniCredit Włochy 231 35
100%
45 Allianz Tower Włochy 209,2 50
100%
46 Grattacielo della Regione Piemonte Włochy 209 42
100%
16 Sky I____ Turcja 284 65
94%
19 Sapphire of I____ Turcja 261 54
94%
40 Nurol Life Turcja 220 60
94%
52 Spine Tower Turcja 202 51
94%
58 Varyap Meridian Grand Tower 1 Turcja 198 57
94%
60 Anthill Residence 1 Turcja 194,5 54
94%
61 Anthill Residence 2 Turcja 194,5 54
94%
78 Isbank Tower 1 Turcja 181 52
94%
80 My Towerland 1 Turcja 181 52
94%
81 Varyap Meridian Tower 2 Turcja 180 45
94%
85 Mertim Tower Turcja 177 52
94%
92 Sisli Plaza Turcja 170 46
94%
97 Tekstilkent Plaza 1 Turcja 168 44
94%
98 Tekstilkent Plaza 2 Turcja 168 44
94%
38 DC Towers Austria 220 60
88%
51 Millenium Tower Austria 202 51
88%
67 Turning Torso Szwecja 190 54
81%
96 Eurovea Tower Słowacja 168 45
63%
89 Avaz Twist Tower Bośnia i Hercegowina 172 40
50%
Nie znaleziono quizów pasujących do podanych kryteriów
Rozkład punktacji
Procent ludzi z każdym wynikiem
Percentyl według liczby udzielonych odpowiedzi
Twoja historia wyników
Nie rozwiązałeś tego quizu